|
|
|
|
| LEADER |
01019nam a22002537a 4500 |
| 001 |
38234 |
| 003 |
BD-DhAAL |
| 005 |
20220425150352.0 |
| 008 |
220327t2014 bg ||||| |||| 00| f ben d |
| 999 |
|
|
|c 43901
|d 43901
|
| 020 |
|
|
|a 9789848796641
|
| 040 |
|
|
|a BD-DhAAL
|
| 041 |
|
|
|a BEN
|
| 082 |
|
|
|a 891.44371
|2 23
|
| 100 |
|
|
|a চক্রবর্তী, বরেন
|9 47485
|
| 245 |
|
|
|a রাশিয়ার মেয়ে /
|c বরেন চক্রবর্তী
|
| 246 |
|
|
|a Russiar meya
|
| 260 |
|
|
|a ঢাকা :
|b অবসর প্রকাশনা সংস্থা,
|c 2014
|
| 300 |
|
|
|a ১২০৬ পৃষ্ঠা ;
|c ২৬ সে.মি.
|
| 541 |
|
|
|a Donated By Akbar Ali Khan
|e 38234
|
| 650 |
|
|
|a Bengali
|x fiction
|z Bangladesh
|9 48252
|
| 852 |
|
|
|a Ayesha Abed Library
|c Akbar Ali Khan Collection
|
| 942 |
|
|
|2 ddc
|c BK
|
| 952 |
|
|
|0 0
|1 0
|2 ddc
|4 0
|6 891_443710000000000_CHA
|7 1
|9 70297
|a BRACUL
|b BRACUL
|c CS1
|d 2022-03-27
|e Donated by Akbar Ali Khan
|l 0
|o 891.44371 CHA
|p 3010038234
|r 2022-03-27
|t 1
|w 2022-03-27
|y BK
|